| 000 | 02467cam a22005294i 4500 | ||
|---|---|---|---|
| 003 | PE-LiUPU | ||
| 005 | 20250731173239.0 | ||
| 008 | 150625s1972 ag a rb 000 0 spa d | ||
| 035 | _a(Sirsi) a35198 | ||
| 040 |
_aPE-LiUPU _bspa _cPE-LiUPU _erda |
||
| 082 | 0 | 4 |
_a243 _bCh15 _221 |
| 100 | 1 |
_aChaij, Fernando, _eautor. |
|
| 245 | 1 | 3 |
_aEl dilema del hombre en esta hora de revolución / _cFernando Chaij. |
| 264 | 1 |
_aBuenos Aires : _bPub. Interamericanas, _c1972. |
|
| 300 |
_a128 páginas : _bilustraciones ; _c18 cm. |
||
| 336 |
_atext _2rdacontent |
||
| 337 |
_aunmediated _2rdamedia |
||
| 338 |
_avolume _2rdacarrier |
||
| 504 | _aBibliografía al final de cada capítulo. | ||
| 505 | 0 | _aLa Revolución actual y su significado -- Un fundamento solido en un mundo de cambios -- Dios en una hora de crisis espiritual -- Cuando el hombre conquista el espacio -- Fantasias sin solidez científica --La angustia del existencialismo -- La nueva moral.. | |
| 526 | _aSEG42 | ||
| 526 | _aSEG41 | ||
| 526 | _aSEG40 | ||
| 526 | _aSEG39 | ||
| 526 | _aP94 | ||
| 526 | _aP87 | ||
| 526 | _aP86 | ||
| 526 | _aP85 | ||
| 526 | _aP77 | ||
| 526 | _aP76 | ||
| 526 | _aP35 | ||
| 650 | 0 | 4 |
_aEscatología. _95923 |
| 910 | _cigq | ||
| 910 |
_ajck _bncf _cncf _d20161017 |
||
| 942 |
_2ddc _cBOOK |
||
| 949 |
_a243 Ch15 _wDEWEY _c1 _i14763 _lCCODEBUL1 _mBUL _p00.00 _r0 _sY _tBOOK _u2015-06-25 _xBIBLIOTECA _zUNKNOWN _0COMPRA _o.STAFF. Colección General |
||
| 949 |
_a243 Ch15 _wDEWEY _c2 _i14501 _lCCODEBUL1 _mBUL _p00.00 _r0 _sY _tBOOK _u2015-06-25 _xBIBLIOTECA _zUNKNOWN _0COMPRA _o.STAFF. Colección General |
||
| 596 | _a1 2 4 | ||
| 999 |
_a243 CH15 _wDEWEY _c43138 _i14763 _f2021-11-11 _g5 _lCCODEBUL1 _mBUL _r0 _sY _tBOOK _u2015-6-25 _xTEOLOGIA _zUNKNOWN _0COMPRA _o.STAFF. Colección General _d43138 |
||
| 999 |
_a243 CH15 _wDEWEY _c3 _i75134 _f2021-11-11 _g5 _lCCODEBUL1 _mBUL _p10.00 _r0 _sY _tBOOK _u2016-10-17 _xTEOLOGIA _PP35 _0COMPRA _o.STAFF. Colección Teología |
||
| 999 |
_a243 CH15 1972 _wDEWEY _c1 _iFT01134 _f2019-2-20 _g1 _lCCODEBUT1 _mBUT _r0 _sY _tBOOK _u2015-11-10 _xBIBLIOTECA _zUNKNOWN _0DONACION _o.STAFF. Colección General |
||
| 999 |
_a243 CH15 _wDEWEY _c1 _i14501 _f2019-12-9 _g4 _lCCODECWL1 _mBWL _r1 _sY _tBOOK _u2015-6-25 _xTEOLOGIA _zUNKNOWN _0COMPRA _o.STAFF. Colección General |
||
| 980 |
_81 _gALBERTO SANCHEZ Responsable de Automatización |
||